Statistics for South Dakota Counties Quiz

Click here to take the quiz!

General Stats

  • This quiz has been taken 1,305 times
  • The average score is 30 of 66

Answer Stats

County % Correct
Lincoln
75%
Jackson
69%
Yankton
65%
Pennington
65%
Minnehaha
65%
Brown
63%
Custer
62%
Grant
62%
Clay
57%
Clark
56%
Union
53%
Brookings
53%
Buffalo
51%
Charles Mix
51%
Lake
50%
Harding
48%
Marshall
47%
Meade
47%
Douglas
47%
Jones
46%
Shannon
46%
Ziebach
46%
Beadle
45%
Lawrence
44%
Hand
44%
Butte
44%
Bon Homme
44%
Fall River
43%
Deuel
43%
Todd
43%
Davison
42%
Day
42%
Turner
42%
Haakon
42%
Bennett
42%
Roberts
42%
Aurora
42%
Codington
41%
McPherson
40%
Campbell
40%
Mellette
40%
Brule
40%
Corson
40%
Hughes
40%
Stanley
40%
Dewey
40%
Hyde
40%
Gregory
39%
McCook
39%
Kingsbury
39%
Hamlin
39%
Perkins
38%
Walworth
38%
Spink
37%
Lyman
37%
Edmunds
37%
Tripp
37%
Hutchinson
36%
Potter
36%
Moody
36%
Hanson
35%
Sully
35%
Faulk
33%
Miner
33%
Jerauld
33%
Sanborn
31%

Score Distribution

Percentile by Number Answered

Percent of People with Each Score

Your Score History

You have not taken this quiz